Normal view
MARC view
Entry Uniform Title
001 - CONTROL NUMBER
- control field: 52081
003 - CONTROL NUMBER IDENTIFIER
- control field: dpl
005 - DATE AND TIME OF LATEST TRANSACTION
- control field: 20120906144150.0
008 - FIXED-LENGTH DATA ELEMENTS
- fixed length control field: 120906|||a|||||| | ||| d
040 ## - CATALOGING SOURCE
- Original cataloging agency: dpl
- Transcribing agency: dpl
130 ## - HEADING--UNIFORM TITLE
- Uniform title: लोकोदय ग्रन्थमालाःग्रन्थांक 1052;ग्रन्थमाला संपादक रवीन्द्र कालिया
670 ## - SOURCE DATA FOUND
- Source citation: Work cat.: (dpl)55080: 747 जोशी, भालचन्द्र, पालवा /, 2011
670 ## - SOURCE DATA FOUND
- Source citation: Work cat.: (dpl)55080: 747 जोशी, भालचन्द्र, पालवा /, 2011
